[Event "CYCC U14 w"]
[Site "Windsor CAN"]
[Date "2016.07.05"]
[Round "1.46"]
[White "Kaneshalingam, Mathanhe"]
[Black "Kathirkamar, Janani"]
[Result "1-0"]
[WhiteElo "1754"]
[BlackElo "1414"]
[PlyCount "66"]
[EventDate "2016.07.05"]
[EventType "swiss"]
[EventRounds "7"]
[EventCountry "CAN"]

1. e4 e5 2. Nf3 Nc6 3. Nc3 Nf6 4. d4 exd4 5. Nxd4 Bb4 6. Nxc6 Bxc3+ 7. bxc3
bxc6 8. Bd3 h6 9. O-O d6 10. h3 O-O 11. Qf3 Qe8 12. Bf4 Bd7 13. Rfe1 Qd8 14. e5
Nd5 15. Qe4 f5 16. Qc4 Re8 17. exd6 cxd6 18. Rxe8+ Bxe8 19. Bxf5 Bf7 20. Bd2
Qf6 21. Qxc6 Rf8 22. Bd3 Ne7 23. Qe4 Bg6 24. Qe3 Kh8 25. Rf1 Nc6 26. Bxg6 Qxg6
27. Qd3 Qf6 28. Be3 Ne5 29. Qd4 Qg6 30. Qxa7 Nf3+ 31. Kh1 Nh4 32. Qb7 d5 33.
Qxd5 Rf3 1-0

[Event "CYCC U14 w"]
[Site "Windsor CAN"]
[Date "2016.07.05"]
[Round "1.47"]
[White "Schwartz, Leah"]
[Black "Zhou, Lily"]
[Result "1/2-1/2"]
[WhiteElo "1224"]
[BlackElo "1740"]
[PlyCount "53"]
[EventDate "2016.07.05"]
[EventType "swiss"]
[EventRounds "7"]
[EventCountry "CAN"]

1. d4 Nf6 2. c4 g6 3. Nc3 Bg7 4. Bf4 d6 5. e3 O-O 6. Bd3 Nbd7 7. Nge2 e5 8. Bg5
a6 9. O-O Qe8 10. Qc2 h6 11. Bh4 Nh7 12. f3 f5 13. Nd5 g5 14. Nxc7 Qg6 15. Nxa8
gxh4 16. Nc7 Ndf6 17. dxe5 dxe5 18. Nd5 Rf7 19. Nec3 h3 20. g3 Bf8 21. Kh1 h5
22. Rad1 Rg7 23. Rg1 Ng5 24. Nxf6+ Qxf6 25. Rgf1 Qg6 26. a3 Bc5 27. Rde1
1/2-1/2

[Event "CYCC U14 w"]
[Site "Windsor CAN"]
[Date "2016.07.05"]
[Round "1.48"]
[White "Cui, Cynthia"]
[Black "John, Namitha"]
[Result "1-0"]
[WhiteElo "1714"]
[BlackElo "1016"]
[PlyCount "46"]
[EventDate "2016.07.05"]
[EventType "swiss"]
[EventRounds "7"]
[EventCountry "CAN"]

1. c4 e5 2. Nc3 Nf6 3. g3 Bc5 4. Bg2 O-O 5. Nf3 Nc6 6. O-O d6 7. d3 h6 8. a3 a5
9. e3 Ba7 10. d4 e4 11. Nd2 Bg4 12. Qc2 Bf5 13. Ndxe4 Kh8 14. Qd1 Nxe4 15. Nxe4
d5 16. cxd5 Qxd5 17. Nc5 Qc4 18. b3 Qb5 19. a4 Qb6 20. Nd3 Ne7 21. Ba3 Qf6 22.
e4 Bd7 23. e5 Qg5 1-0

[Event "CYCC U14 w"]
[Site "Windsor CAN"]
[Date "2016.07.05"]
[Round "1.49"]
[White "Gu, Stephanie"]
[Black "Zhou, Annika"]
[Result "0-1"]
[WhiteElo "792"]
[BlackElo "1536"]
[PlyCount "66"]
[EventDate "2016.07.05"]
[EventType "swiss"]
[EventRounds "7"]
[EventCountry "CAN"]

1. e4 c5 2. Nf3 e6 3. d4 cxd4 4. Nxd4 a6 5. Nc3 Qc7 6. Be3 Nf6 7. Qd2 Be7 8.
Be2 d6 9. O-O-O Nbd7 10. Kb1 b5 11. a3 O-O 12. f4 Bb7 13. Bf3 Nb6 14. Qf2 Nc4
15. f5 e5 16. Nde2 Nxe3 17. Qxe3 Rfd8 18. h4 Qc5 19. Qd2 a5 20. Nd5 Bxd5 21.
exd5 e4 22. Bxe4 Nxe4 23. Qf4 Nf2 24. Rhf1 Nxd1 25. Rxd1 Bf6 26. h5 Rac8 27.
Rd2 h6 28. Qe4 Re8 29. Qf3 Bg5 30. Nf4 Re1+ 31. Ka2 Qc4+ 32. b3 Qxc2+ 33. Rxc2
Rxc2# 0-1

[Event "CYCC U14 w"]
[Site "Windsor CAN"]
[Date "2016.07.06"]
[Round "2.43"]
[White "Zhou, Annika"]
[Black "Demchenko, Svitlana"]
[Result "0-1"]
[WhiteElo "1536"]
[BlackElo "2090"]
[PlyCount "76"]
[EventDate "2016.07.05"]
[EventType "swiss"]
[EventRounds "7"]
[EventCountry "CAN"]

1. e4 c5 2. Nf3 e6 3. d4 cxd4 4. Nxd4 Nc6 5. Be3 a6 6. Nc3 Qc7 7. Qd2 Nf6 8. f3
Be7 9. Nxc6 bxc6 10. Be2 Rb8 11. Rb1 O-O 12. O-O d5 13. exd5 cxd5 14. Rfd1 Bb7
15. Bf2 e5 16. Bd3 d4 17. Ne4 Nxe4 18. Bxe4 Bxe4 19. fxe4 Rfc8 20. Bg3 f6 21.
Rdc1 Qc6 22. Qd3 Rb5 23. c3 Rc5 24. Bf2 Rc4 25. Re1 dxc3 26. bxc3 Rxc3 27. Qd5+
Qxd5 28. exd5 Rd3 29. Rb6 a5 30. Rb5 Bb4 31. Rb1 Rd8 32. Rc1 R3xd5 33. Rxd5
Rxd5 34. Rc8+ Kf7 35. Rc7+ Kg6 36. h3 Rd1+ 37. Kh2 Rd2 38. Bg3 Rxa2 0-1

[Event "CYCC U14 w"]
[Site "Windsor CAN"]
[Date "2016.07.06"]
[Round "2.44"]
[White "Ouellet, Maili-Jade"]
[Black "Kaneshalingam, Mathanhe"]
[Result "1-0"]
[WhiteElo "2068"]
[BlackElo "1754"]
[PlyCount "85"]
[EventDate "2016.07.05"]
[EventType "swiss"]
[EventRounds "7"]
[EventCountry "CAN"]

1. d4 d5 2. c4 c6 3. Nf3 Nf6 4. Nc3 e6 5. Bg5 Be7 6. e3 Nbd7 7. Bd3 dxc4 8.
Bxc4 b5 9. Bd3 a6 10. a3 c5 11. O-O Bb7 12. Re1 O-O 13. Qe2 h6 14. Bh4 Rc8 15.
Rad1 c4 16. Bb1 Nd5 17. Bxe7 Qxe7 18. Nxd5 Bxd5 19. e4 Bb7 20. Nd2 Nb6 21. e5
Bd5 22. Ne4 Nd7 23. Qc2 g6 24. Qd2 Kg7 25. Re3 Bxe4 26. Bxe4 Rc7 27. Rh3 Qg5
28. f4 Qd8 29. f5 Rh8 30. f6+ Kg8 31. Rxh6 Rxh6 32. Qxh6 Qf8 33. Qg5 Nb6 34.
Rf1 Qd8 35. Qh6 Qf8 36. Qd2 c3 37. Qc1 Qc8 38. b3 Qd8 39. Rd1 a5 40. Rd3 b4 41.
axb4 axb4 42. Kh1 Kf8 43. Rh3 1-0

[Event "CYCC U14 w"]
[Site "Windsor CAN"]
[Date "2016.07.06"]
[Round "2.45"]
[White "Zhou, Lily"]
[Black "Cui, Cynthia"]
[Result "1-0"]
[WhiteElo "1740"]
[BlackElo "1714"]
[PlyCount "55"]
[EventDate "2016.07.05"]
[EventType "swiss"]
[EventRounds "7"]
[EventCountry "CAN"]

1. d4 d5 2. c4 e6 3. e3 Nf6 4. Nf3 b6 5. b3 Be7 6. Bb2 Bb7 7. Bd3 O-O 8. O-O
Nbd7 9. Ne5 Nxe5 10. dxe5 Ne4 11. Qg4 Re8 12. Rd1 Nc5 13. Bc2 Bf8 14. cxd5 exd5
15. e4 Nd7 16. f4 c6 17. exd5 cxd5 18. Nc3 d4 19. Ne2 Rc8 20. Bf5 Rc7 21. Nxd4
Bc5 22. Kh1 Qe7 23. Nb5 Rc6 24. Rxd7 Qf8 25. Rxb7 Rh6 26. e6 Re7 27. Rb8 Re8
28. Rxe8 1-0

[Event "CYCC U14 w"]
[Site "Windsor CAN"]
[Date "2016.07.06"]
[Round "2.46"]
[White "Tao, Ellen"]
[Black "Schwartz, Leah"]
[Result "1-0"]
[WhiteElo "1454"]
[BlackElo "1224"]
[PlyCount "77"]
[EventDate "2016.07.05"]
[EventType "swiss"]
[EventRounds "7"]
[EventCountry "CAN"]

1. e4 c5 2. Nf3 d6 3. d4 cxd4 4. Qxd4 Nc6 5. Bb5 Bd7 6. Bxc6 Bxc6 7. c4 Nf6 8.
Nc3 g6 9. O-O Bg7 10. Qd3 O-O 11. Re1 Nd7 12. b4 Ne5 13. Nxe5 Bxe5 14. Bh6 Re8
15. b5 Bd7 16. Rad1 Be6 17. f4 Bh8 18. Kh1 Qc7 19. Nd5 Bxd5 20. Qxd5 Rac8 21.
Rc1 e6 22. Qg5 f6 23. Qg4 d5 24. c5 dxe4 25. Qe2 f5 26. Qc4 Kf7 27. g4 Red8 28.
gxf5 gxf5 29. Qe2 Ke8 30. Rg1 Qf7 31. Rg3 Ke7 32. Bg5+ Bf6 33. Bxf6+ Qxf6 34.
Rcg1 Rxc5 35. Rg7+ Kd6 36. Qd2+ Rd5 37. Qb4+ Rc5 38. Rd1+ Qd4 39. Rxd4# 1-0

[Event "CYCC U14 w"]
[Site "Windsor CAN"]
[Date "2016.07.06"]
[Round "2.47"]
[White "John, Namitha"]
[Black "Mah, Sydney"]
[Result "1/2-1/2"]
[WhiteElo "1016"]
[BlackElo "1446"]
[PlyCount "110"]
[EventDate "2016.07.05"]
[EventType "swiss"]
[EventRounds "7"]
[EventCountry "CAN"]

1. e4 e6 2. d4 d5 3. exd5 exd5 4. Nc3 Nf6 5. Bg5 Be7 6. Qd2 Bf5 7. O-O-O O-O 8.
Bd3 Bxd3 9. Qxd3 Re8 10. Re1 Ng4 11. Bxe7 Rxe7 12. Rxe7 Qxe7 13. Nxd5 Qe1+ 14.
Qd1 Qxd1+ 15. Kxd1 Nxf2+ 16. Ke2 Nxh1 17. Nxc7 Nc6 18. Nxa8 Nxd4+ 19. Kd3 Ne6
20. Ke3 f5 21. a4 f4+ 22. Kf3 Nd4+ 23. Kxf4 Nxc2 24. Ne2 Nf2 25. Nc7 Nd3+ 26.
Kf5 Nxb2 27. Nb5 a6 28. Nd6 b6 29. Nc3 Ne3+ 30. Ke5 Nxg2 31. Nc8 b5 32. axb5
axb5 33. Nxb5 Nh4 34. Kf4 Nd3+ 35. Kg4 Ng6 36. h4 Nde5+ 37. Kg3 h5 38. Nbd6 Kf8
39. Nf5 Nc6 40. Kf3 Nce7 41. Ncxe7 Nxe7 42. Ng3 g6 43. Ke4 Kf7 44. Kf4 Nd5+ 45.
Kg5 Nf6 46. Kf4 Ng4 47. Kg5 Ne5 48. Nxh5 Nf3+ 49. Kg4 Nh2+ 50. Kg5 Nf3+ 51. Kg4
Nd4 52. Nf4 Nf5 53. Nxg6 Kxg6 54. h5+ Kh6 55. Kxf5 Kxh5 1/2-1/2

[Event "CYCC U14 w"]
[Site "Windsor CAN"]
[Date "2016.07.06"]
[Round "2.48"]
[White "Kathirkamar, Janani"]
[Black "Gu, Stephanie"]
[Result "1-0"]
[WhiteElo "1414"]
[BlackElo "792"]
[PlyCount "63"]
[EventDate "2016.07.05"]
[EventType "swiss"]
[EventRounds "7"]
[EventCountry "CAN"]

1. d4 Nf6 2. Bf4 g6 3. e3 Bg7 4. c4 d6 5. Nc3 O-O 6. Be2 Nbd7 7. Nf3 c5 8. Qd2
cxd4 9. exd4 Qb6 10. O-O Re8 11. h3 e5 12. Be3 Qc7 13. Nb5 Qc6 14. d5 Qa6 15.
Nc7 Qa4 16. b3 Qa3 17. Nxa8 Nc5 18. Nc7 Re7 19. Nb5 Qa6 20. Bxc5 dxc5 21. d6
Rd7 22. Rad1 Ne8 23. Rfe1 f6 24. Nh4 f5 25. Bf3 Qb6 26. Bd5+ Kh8 27. Be6 a6 28.
Bxd7 Bxd7 29. Nc7 Nf6 30. Nd5 Qd8 31. Qg5 e4 32. Ne7 1-0

[Event "CYCC U14 w"]
[Site "Windsor CAN"]
[Date "2016.07.06"]
[Round "3.43"]
[White "Demchenko, Svitlana"]
[Black "Ouellet, Maili-Jade"]
[Result "1/2-1/2"]
[WhiteElo "2090"]
[BlackElo "2068"]
[PlyCount "94"]
[EventDate "2016.07.05"]
[EventType "swiss"]
[EventRounds "7"]
[EventCountry "CAN"]

1. d4 d5 2. c4 e6 3. Nc3 Nf6 4. Bf4 Be7 5. e3 O-O 6. a3 Nbd7 7. g4 c5 8. g5 Ne4
9. Nxe4 dxe4 10. h4 Qa5+ 11. Qd2 Qxd2+ 12. Kxd2 b6 13. Bg2 Bb7 14. Ne2 Rac8 15.
b3 cxd4 16. Nxd4 e5 17. Nf5 Bc5 18. Bh2 Rfd8 19. Ke2 Bf8 20. Ng3 Nc5 21. Rab1
Rd3 22. b4 Na4 23. Bxe4 Bxe4 24. Nxe4 Rxa3 25. Rhc1 Ra2+ 26. Kf3 Rb2 27. Rxb2
Nxb2 28. c5 Nd3 29. Rb1 bxc5 30. bxc5 Nxc5 31. Bxe5 Re8 32. Nxc5 Rxe5 33. Nd7
Re8 34. Ra1 Ra8 35. Nb6 Rb8 36. Nd7 Rb7 37. Nxf8 Kxf8 38. Ra6 Rd7 39. h5 Ke8
40. Ke4 Kd8 41. f4 Kc8 42. f5 Kb7 43. Ra2 a6 44. Rb2+ Ka7 45. Ke5 Re7+ 46. Kd4
Rd7+ 47. Ke5 Re7+ 1/2-1/2

[Event "CYCC U14 w"]
[Site "Windsor CAN"]
[Date "2016.07.06"]
[Round "3.44"]
[White "Kaneshalingam, Mathanhe"]
[Black "Zhou, Lily"]
[Result "1/2-1/2"]
[WhiteElo "1754"]
[BlackElo "1740"]
[PlyCount "49"]
[EventDate "2016.07.05"]
[EventType "swiss"]
[EventRounds "7"]
[EventCountry "CAN"]

1. e4 c5 2. Nc3 Nc6 3. f4 e6 4. Nf3 a6 5. d3 d5 6. g3 Nf6 7. e5 Nd7 8. Bg2 b5
9. O-O Bb7 10. f5 Ncxe5 11. fxe6 fxe6 12. Nxe5 Nxe5 13. Qh5+ Ng6 14. Bg5 Be7
15. Bxe7 Qxe7 16. Nxd5 Qd7 17. Nf4 O-O 18. Nxg6 Qd4+ 19. Kh1 Bxg2+ 20. Kxg2
hxg6 21. Qxg6 Qxb2 22. Qxe6+ Kh8 23. Qh3+ Kg8 24. Qe6+ Kh8 25. Qh3+ 1/2-1/2

[Event "CYCC U14 w"]
[Site "Windsor CAN"]
[Date "2016.07.06"]
[Round "3.45"]
[White "Cui, Cynthia"]
[Black "Tao, Ellen"]
[Result "1/2-1/2"]
[WhiteElo "1714"]
[BlackElo "1454"]
[PlyCount "71"]
[EventDate "2016.07.05"]
[EventType "swiss"]
[EventRounds "7"]
[EventCountry "CAN"]

1. c4 e5 2. Nc3 Nc6 3. g3 f5 4. Bg2 Nf6 5. d3 Bb4 6. Qc2 Bxc3+ 7. Qxc3 d6 8.
Nf3 O-O 9. O-O Re8 10. e3 h6 11. b4 g5 12. Bb2 g4 13. Nh4 Nh5 14. d4 Qf6 15.
dxe5 Qxe5 16. Qd2 Qe7 17. e4 Qg5 18. Qxg5+ hxg5 19. Nxf5 Nxb4 20. Bc1 Bxf5 21.
exf5 c6 22. Bxg5 Re5 23. Rab1 Rxf5 24. Be7 Rf7 25. Bxd6 Nxa2 26. Rb3 Rd8 27.
Bc5 b6 28. Be3 c5 29. Bd5 Rxd5 30. cxd5 Rd7 31. Ra1 Nb4 32. d6 Kf7 33. Bg5 a5
34. Re3 Nc6 35. Rb3 Nb4 36. Re3 1/2-1/2

[Event "CYCC U14 w"]
[Site "Windsor CAN"]
[Date "2016.07.06"]
[Round "3.46"]
[White "Kathirkamar, Janani"]
[Black "Zhou, Annika"]
[Result "1/2-1/2"]
[WhiteElo "1414"]
[BlackElo "1536"]
[PlyCount "54"]
[EventDate "2016.07.05"]
[EventType "swiss"]
[EventRounds "7"]
[EventCountry "CAN"]

1. d4 Nf6 2. Bf4 e6 3. e3 d5 4. c3 Be7 5. Nd2 c5 6. h3 b6 7. Ngf3 Nbd7 8. Bb5
Bb7 9. Ne5 O-O 10. Nc6 Qe8 11. Nf3 a6 12. Nxe7+ Qxe7 13. Ba4 b5 14. Bc2 Rfc8
15. Bg5 h6 16. Bh4 cxd4 17. cxd4 Qb4+ 18. Nd2 Rc6 19. O-O Rac8 20. Bb3 a5 21.
a3 Qf8 22. Nf3 Ne4 23. Nd2 a4 24. Nxe4 dxe4 25. Ba2 Nb6 26. Qg4 Nc4 27. Bg3 Nd2
1/2-1/2

[Event "CYCC U14 w"]
[Site "Windsor CAN"]
[Date "2016.07.06"]
[Round "3.47"]
[White "Mah, Sydney"]
[Black "Gu, Stephanie"]
[Result "1-0"]
[WhiteElo "1446"]
[BlackElo "792"]
[PlyCount "141"]
[EventDate "2016.07.05"]
[EventType "swiss"]
[EventRounds "7"]
[EventCountry "CAN"]

1. e4 c5 2. Nf3 d6 3. Nc3 Nf6 4. Bc4 a6 5. a3 b5 6. Ba2 Bb7 7. d3 g6 8. Be3
Nbd7 9. d4 Nxe4 10. Nxe4 Bxe4 11. Ng5 d5 12. f3 h6 13. fxe4 hxg5 14. Bxd5 Rb8
15. Bxg5 Qc7 16. Qf3 f6 17. Bf4 e5 18. dxe5 Nxe5 19. Bxe5 Qxe5 20. O-O-O Bg7
21. Bc6+ Kf8 22. Rd5 Qe7 23. Rd7 Qe6 24. e5 Qxe5 25. Rhd1 f5 26. c3 b4 27. Qd3
Qf6 28. Qc4 bxc3 29. Qxc5+ Kg8 30. b4 Rxh2 31. R1d6 Qg5+ 32. Kc2 Kh8 33. Rxg7
Rxg2+ 34. Bxg2 Qxg2+ 35. Kxc3 Qg3+ 36. Kc2 Qg2+ 37. Rd2 Qe4+ 38. Kb2 Qf4 39.
Qc3 Rg8 40. Rxg8+ Kxg8 41. Rd8+ Kf7 42. Rd7+ Ke6 43. Qc6+ Ke5 44. Qd5+ Kf6 45.
Qc6+ Kg5 46. Qg2+ Qg4 47. Rd2 Qxg2 48. Rxg2+ Kh5 49. Kc2 g5 50. Kd3 f4 51. Ke4
Kh4 52. Kf3 Kh5 53. Rh2+ Kg6 54. Kg4 Kf6 55. Rh6+ Ke5 56. Rxa6 Ke4 57. b5 f3
58. Rf6 Kd5 59. Rxf3 Kc5 60. Kxg5 Kxb5 61. Rc3 Ka4 62. Rc8 Kxa3 63. Rb8 Ka4 64.
Kf4 Ka5 65. Ke3 Ka6 66. Kd4 Ka7 67. Rb1 Ka6 68. Kc5 Ka7 69. Kc6 Ka8 70. Kc7 Ka7
71. Ra1# 1-0

[Event "CYCC U14 w"]
[Site "Windsor CAN"]
[Date "2016.07.06"]
[Round "3.48"]
[White "Schwartz, Leah"]
[Black "John, Namitha"]
[Result "1/2-1/2"]
[WhiteElo "1224"]
[BlackElo "1016"]
[PlyCount "81"]
[EventDate "2016.07.05"]
[EventType "swiss"]
[EventRounds "7"]
[EventCountry "CAN"]

1. d4 d5 2. c4 c6 3. cxd5 cxd5 4. Nc3 Nf6 5. Bf4 Bf5 6. e3 e6 7. Bd3 Bxd3 8.
Qxd3 Bb4 9. Nf3 Nc6 10. O-O Rc8 11. Bg5 h6 12. Bh4 O-O 13. Ne5 Be7 14. Rac1
Nxe5 15. dxe5 Nd7 16. Bxe7 Qxe7 17. Rfd1 Nxe5 18. Qe2 Qh4 19. Rd4 Qe7 20. Qh5
Ng6 21. Rg4 b5 22. Rf1 b4 23. Ne2 Qc7 24. h3 Kh7 25. Rxb4 Qc2 26. Nd4 Qd2 27.
a3 Rc7 28. Kh2 e5 29. Rd1 Qxf2 30. Nf5 Rc2 31. Qg4 Rfc8 32. Rb7 Kg8 33. h4 R8c4
34. Qg3 Qxf5 35. Kg1 Re2 36. Rf1 Qh5 37. Rfxf7 Rc1+ 38. Kh2 Qxh4+ 39. Qh3 Qxh3+
40. Kxh3 Rxe3+ 41. Kh2 1/2-1/2

[Event "CYCC U14 w"]
[Site "Windsor CAN"]
[Date "2016.07.07"]
[Round "4.43"]
[White "Zhou, Lily"]
[Black "Demchenko, Svitlana"]
[Result "1/2-1/2"]
[WhiteElo "1740"]
[BlackElo "2044"]
[PlyCount "162"]
[EventDate "2016.07.05"]
[EventType "swiss"]
[EventRounds "7"]
[EventCountry "CAN"]

1. d4 Nf6 2. Nf3 g6 3. Bf4 Bg7 4. h3 d6 5. e3 Nbd7 6. c4 c5 7. Nc3 O-O 8. Be2
b6 9. O-O Bb7 10. Qd2 Rc8 11. d5 Ne8 12. Rad1 Ne5 13. Nxe5 dxe5 14. Bh2 Nd6 15.
e4 f5 16. exf5 gxf5 17. Qg5 Kh8 18. Rfe1 Bf6 19. Qe3 f4 20. Qd3 Rg8 21. Bg4 Rb8
22. Be6 Rg7 23. b3 Bc8 24. Ne4 Qe8 25. Nxf6 exf6 26. Kh1 Qh5 27. a3 Bb7 28. Qe2
Qg5 29. Qg4 Qh6 30. Qf3 Re8 31. Bg4 Ree7 32. Qd3 Qg5 33. Qd2 h5 34. Bf3 Nf5 35.
Rg1 Nd4 36. d6 Rd7 37. Bxb7 Rxb7 38. b4 Rbd7 39. Qb2 cxb4 40. axb4 Rxd6 41. c5
Rdd7 42. c6 Nxc6 43. Rxd7 Rxd7 44. Qc3 Ne7 45. Qc4 Qg8 46. Qe2 Qf7 47. Qf3 Nf5
48. Qe4 Nd4 49. Rd1 Qh7 50. Qa8+ Kg7 51. Qc8 Kh6 52. Qb8 Kg5 53. g3 f3 54. Qc8
Rc7 55. h4+ Kh6 56. Qd8 Qg7 57. Qd5 Kh7 58. Qe4+ Qg6 59. Qd5 Rg7 60. Qd6 Qc2
61. Rf1 Qd3 62. Re1 Qf5 63. Qd5 Qg4 64. Qa8 Nf5 65. Rg1 Nd4 66. Re1 Qg6 67. Qc8
Qf5 68. Qe8 Ne2 69. Rd1 Qg6 70. Qc6 Qf5 71. Qe8 e4 72. Rd8 Qe5 73. Qh8+ Kg6 74.
Rd1 Qe7 75. Rd5 Rh7 76. Qg8+ Rg7 77. Qc8 Qf7 78. Qf5+ Kh6 79. Qxe4 Qg6 80. Qxf3
Re7 81. Rd6 Kg7 1/2-1/2

[Event "CYCC U14 w"]
[Site "Windsor CAN"]
[Date "2016.07.07"]
[Round "4.44"]
[White "Ouellet, Maili-Jade"]
[Black "Cui, Cynthia"]
[Result "1-0"]
[WhiteElo "2068"]
[BlackElo "1714"]
[PlyCount "67"]
[EventDate "2016.07.05"]
[EventType "swiss"]
[EventRounds "7"]
[EventCountry "CAN"]

1. d4 d5 2. c4 e6 3. Nc3 Nf6 4. Bg5 Be7 5. cxd5 exd5 6. e3 O-O 7. Bd3 c6 8. Qc2
Nbd7 9. Nf3 Re8 10. O-O Nf8 11. Rab1 a5 12. a3 Ng6 13. Ne5 Ne4 14. Bxe7 Qxe7
15. Nxe4 Nxe5 16. dxe5 dxe4 17. Bxe4 Qxe5 18. Bxh7+ Kh8 19. Bd3 Re6 20. Rbe1
Rh6 21. f4 Qh5 22. h3 Bd7 23. Rf3 Qd5 24. e4 Qd4+ 25. Kh2 Re8 26. Bf1 Bf5 27.
Rd3 Qf6 28. Rde3 Qd4 29. Qe2 Rhe6 30. Qh5+ Bh7 31. Qxf7 Rxe4 32. Rd3 Qb6 33.
Rxe4 Rxe4 34. Rd7 1-0

[Event "CYCC U14 w"]
[Site "Windsor CAN"]
[Date "2016.07.07"]
[Round "4.45"]
[White "Tao, Ellen"]
[Black "Kaneshalingam, Mathanhe"]
[Result "1/2-1/2"]
[WhiteElo "1454"]
[BlackElo "1739"]
[PlyCount "41"]
[EventDate "2016.07.05"]
[EventType "swiss"]
[EventRounds "7"]
[EventCountry "CAN"]

1. e4 c5 2. Nf3 Nc6 3. d4 cxd4 4. Nxd4 g6 5. c4 Bg7 6. Nb3 Nf6 7. Nc3 d6 8. Be2
Bd7 9. Be3 b6 10. Qd2 Ng4 11. Bxg4 Bxg4 12. Nc1 Be6 13. b3 h5 14. Nd3 Rb8 15.
Rc1 Bd7 16. O-O h4 17. Nd5 Ne5 18. Nxe5 dxe5 19. Qe2 e6 20. Nc3 f5 21. f4
1/2-1/2

[Event "CYCC U14 w"]
[Site "Windsor CAN"]
[Date "2016.07.07"]
[Round "4.46"]
[White "Zhou, Annika"]
[Black "Mah, Sydney"]
[Result "1-0"]
[WhiteElo "1536"]
[BlackElo "1419"]
[PlyCount "43"]
[EventDate "2016.07.05"]
[EventType "swiss"]
[EventRounds "7"]
[EventCountry "CAN"]

1. e4 e6 2. d4 d5 3. exd5 exd5 4. Nf3 Nf6 5. Bd3 Bd6 6. Nc3 Be6 7. O-O O-O 8.
h3 h6 9. Be3 Nbd7 10. Qd2 Re8 11. Qc1 c5 12. dxc5 Bxc5 13. Bxc5 Nxc5 14. Rd1
Nxd3 15. Rxd3 Bf5 16. Rd4 Ne4 17. Nxd5 Nf6 18. Ne3 Qc8 19. Rc4 Qd7 20. Qf1 Rac8
21. Rd1 Qb5 22. Nd4 1-0

[Event "CYCC U14 w"]
[Site "Windsor CAN"]
[Date "2016.07.07"]
[Round "4.47"]
[White "John, Namitha"]
[Black "Kathirkamar, Janani"]
[Result "0-1"]
[WhiteElo "1016"]
[BlackElo "1414"]
[PlyCount "130"]
[EventDate "2016.07.05"]
[EventType "swiss"]
[EventRounds "7"]
[EventCountry "CAN"]

1. e4 e5 2. Nf3 Nc6 3. Bc4 Bc5 4. O-O Nf6 5. Nc3 d6 6. h3 O-O 7. d3 h6 8. Be3
Bb6 9. Qd2 Nd4 10. Bxd4 exd4 11. Ne2 c5 12. c3 dxc3 13. bxc3 Bc7 14. Ng3 a6 15.
a4 b6 16. Bd5 Nxd5 17. exd5 Bb7 18. c4 b5 19. Rab1 Rb8 20. axb5 Ba5 21. Qf4
axb5 22. Rxb5 Bb4 23. Nf5 Qf6 24. g4 Rfd8 25. Qg3 Kh7 26. d4 Ba6 27. Rxb8 Rxb8
28. Nxd6 Rd8 29. dxc5 Bxc5 30. Ne4 Qb6 31. Qh4 Bxc4 32. Nxc5 Bxf1 33. Kxf1 Qb5+
34. Kg2 Rxd5 35. Ne4 Qc6 36. g5 Ra5 37. gxh6 gxh6 38. Nf6+ Kg7 39. Nh5+ Kg6 40.
Qg4+ Rg5 41. Kh2 Rxg4 42. Ne5+ Kg5 43. Nxc6 Rc4 44. Ne5 Re4 45. Nxf7+ Kxh5 46.
Kg3 Re7 47. Nd6 Kg5 48. f4+ Kf6 49. Kg4 Re6 50. Nf5 h5+ 51. Kxh5 Kxf5 52. h4
Re8 53. Kh6 Rh8+ 54. Kg7 Rxh4 55. Kg8 Rxf4 56. Kg7 Kg5 57. Kh7 Ra4 58. Kg8 Ra7
59. Kf8 Kf6 60. Ke8 Ke6 61. Kd8 Rh7 62. Kc8 Kd6 63. Kb8 Kc6 64. Ka8 Kb6 65. Kb8
Rh8# 0-1

[Event "CYCC U14 w"]
[Site "Windsor CAN"]
[Date "2016.07.07"]
[Round "4.48"]
[White "Gu, Stephanie"]
[Black "Schwartz, Leah"]
[Result "1/2-1/2"]
[WhiteElo "792"]
[BlackElo "1224"]
[PlyCount "76"]
[EventDate "2016.07.05"]
[EventType "swiss"]
[EventRounds "7"]
[EventCountry "CAN"]

1. e4 c5 2. Nf3 d6 3. d4 cxd4 4. Nxd4 Nf6 5. Nc3 g6 6. Be3 Bg7 7. Be2 O-O 8.
Qd2 Nc6 9. O-O-O Rb8 10. f4 Bd7 11. a3 a6 12. Bf3 b5 13. f5 b4 14. axb4 Nxb4
15. Bh6 Qa5 16. Nb3 Qb6 17. Bxg7 Kxg7 18. h4 e6 19. fxg6 fxg6 20. h5 Rh8 21.
Rdf1 Qd8 22. Qxd6 Qf8 23. Qxf8+ Rhxf8 24. hxg6 hxg6 25. e5 Nh5 26. Bxh5 gxh5
27. Rxf8 Rxf8 28. Nc5 Bc8 29. N3e4 Kg6 30. Nd6 Kh6 31. c3 Nc6 32. Nxc8 Rxc8 33.
Nxe6 Nxe5 34. Nf4 Kg5 35. Nh3+ Kg4 36. Rg1 Nd3+ 37. Kb1 Rb8 38. b4 a5 1/2-1/2

[Event "CYCC U14 w"]
[Site "Windsor CAN"]
[Date "2016.07.07"]
[Round "5.43"]
[White "Zhou, Lily"]
[Black "Ouellet, Maili-Jade"]
[Result "1/2-1/2"]
[WhiteElo "1740"]
[BlackElo "2068"]
[PlyCount "137"]
[EventDate "2016.07.05"]
[EventType "swiss"]
[EventRounds "7"]
[EventCountry "CAN"]

1. d4 d5 2. c4 e6 3. Nf3 Nf6 4. e3 Be7 5. b3 O-O 6. Bb2 b6 7. Bd3 Bb7 8. O-O c5
9. Qe2 Nbd7 10. Nbd2 Ne4 11. cxd5 exd5 12. Rad1 Qc7 13. Ne5 cxd4 14. Nxd7 Qxd7
15. Bxd4 Rac8 16. Qh5 Rfe8 17. Nxe4 dxe4 18. Bc4 Rxc4 19. bxc4 Qc6 20. Qb5 Qc8
21. Bb2 Ba6 22. Qd7 Bxc4 23. Qxc8 Rxc8 24. Rc1 b5 25. Rfd1 Rc7 26. Be5 Rb7 27.
h3 f6 28. Bg3 Bxa2 29. Rc7 Rxc7 30. Bxc7 b4 31. Ba5 Be6 32. Rd4 b3 33. Bc3 f5
34. Ra4 Bc5 35. Bb2 g6 36. Kf1 Kf8 37. Ke2 Ke8 38. Kd1 Bd7 39. Rc4 Bd6 40. Kc1
a5 41. Bc3 a4 42. Bb4 Bb5 43. Rd4 Be5 44. Rd2 b2+ 45. Rxb2 Bxb2+ 46. Kxb2 Kd7
47. g3 Kc6 48. Kc3 Kd5 49. Bf8 Bd7 50. Kb4 a3 51. Kxa3 Kc4 52. Bh6 Kd3 53. h4
Ke2 54. Kb4 Kxf2 55. Bf4 Kf3 56. Kc5 Kg4 57. Kd4 h6 58. Bxh6 Kxg3 59. Bg5 Bb5
60. Ke5 Kg4 61. Kf6 Kh5 62. Ke5 Kg4 63. Kf6 Be8 64. Ke5 Kg3 65. Kf6 Kf3 66. Ke5
Kg4 67. Kf6 f4 68. Bxf4 Kxh4 69. Bg5+ 1/2-1/2

[Event "CYCC U14 w"]
[Site "Windsor CAN"]
[Date "2016.07.07"]
[Round "5.44"]
[White "Demchenko, Svitlana"]
[Black "Kathirkamar, Janani"]
[Result "1-0"]
[WhiteElo "2044"]
[BlackElo "1414"]
[PlyCount "71"]
[EventDate "2016.07.05"]
[EventType "swiss"]
[EventRounds "7"]
[EventCountry "CAN"]

1. d4 d5 2. Nf3 Nf6 3. Bf4 e6 4. e3 c6 5. Nbd2 Nbd7 6. c3 Be7 7. Bd3 O-O 8. Ne5
Re8 9. Qf3 Qb6 10. Rb1 c5 11. O-O Bd6 12. Qh3 Qc7 13. Ndf3 b6 14. Rfe1 Bb7 15.
Nxd7 Qxd7 16. Ne5 Qd8 17. Bg5 h6 18. Bh4 Be7 19. f4 Ne4 20. Bxe7 Qxe7 21. Rbd1
a6 22. Bxe4 dxe4 23. dxc5 Qxc5 24. Rd7 Re7 25. Red1 Bd5 26. Rxe7 Qxe7 27. c4 f6
28. Ng6 Qf7 29. cxd5 Qxg6 30. Qxe6+ Qf7 31. Qxe4 Re8 32. Qd4 Qe7 33. d6 Qd8 34.
d7 Re7 35. Qc4+ Kh7 36. Qc8 1-0

[Event "CYCC U14 w"]
[Site "Windsor CAN"]
[Date "2016.07.07"]
[Round "5.45"]
[White "Kaneshalingam, Mathanhe"]
[Black "Zhou, Annika"]
[Result "1-0"]
[WhiteElo "1739"]
[BlackElo "1536"]
[PlyCount "119"]
[EventDate "2016.07.05"]
[EventType "swiss"]
[EventRounds "7"]
[EventCountry "CAN"]

1. e4 c5 2. Nc3 e6 3. f4 d5 4. Bb5+ Nc6 5. Nf3 a6 6. Bxc6+ bxc6 7. d3 Nf6 8.
O-O Be7 9. Ne5 Bb7 10. Ng4 d4 11. Nxf6+ Bxf6 12. Ne2 e5 13. Ng3 Bc8 14. fxe5
Bxe5 15. Qh5 Qc7 16. Qh4 Be6 17. Nh5 Qe7 18. Qxe7+ Kxe7 19. Bf4 Bxf4 20. Nxf4
Rab8 21. Nxe6 fxe6 22. b3 Rhf8 23. Rxf8 Rxf8 24. Rf1 Rf6 25. Rf3 Rh6 26. Rg3
Kf6 27. h3 Rg6 28. Rxg6+ Kxg6 29. Kf2 Kf6 30. Kg3 e5 31. Kf3 h6 32. Kg4 Kg6 33.
h4 h5+ 34. Kf3 Kf7 35. Ke2 Ke6 36. Kd2 Kd6 37. Kc1 Kc7 38. Kb2 Kb6 39. Ka3 Kb5
40. Kb2 Kb4 41. a3+ Ka5 42. c3 Kb6 43. cxd4 cxd4 44. b4 Kc7 45. Kb3 Kd7 46. Kc4
Kd6 47. a4 Ke6 48. Kc5 Kf6 49. Kxc6 g5 50. g3 g4 51. Kb6 Ke6 52. Kxa6 Kd6 53.
Kb7 Kd7 54. a5 Kd6 55. a6 Kd7 56. a7 Kd6 57. a8=Q Kd7 58. Qc8+ Kd6 59. Qd8+ Ke6
60. Qd5+ 1-0